| 000 | 00522cam a2200157Ii 4500 | ||
|---|---|---|---|
| 040 | _cWSM | ||
| 082 | _a614 OXF 1966 C143 Or. | ||
| 245 | 0 | 0 |
_aMedical care in developing countries : _ba primer on the medicine of poverty and a symposium from Makerere.. |
| 250 | _aReprinted with minor revisions | ||
| 260 | 0 |
_aNairobi, _bOxford University Press, _c1978, c1966 |
|
| 300 |
_a1 v., (various pagings), ; _c23 cm |
||
| 650 | 2 | _aHealth Services | |
| 650 | 2 | _aDeveloping Countries | |
| 700 | 1 | 0 | _aKing, Maurice H. |
| 942 | _cAEDBB | ||
| 999 |
_c18383 _d18383 |
||